|
|
|
|
| LEADER |
00000nam2a2200000 4500 |
| 001 |
191217 |
| 005 |
20231031180641.0 |
| 035 |
|
|
|a (RuTPU)RU\TPU\book\208482
|
| 090 |
|
|
|a 191217
|
| 100 |
|
|
|a 20110203d1954 km y0rusy50 ca
|
| 101 |
0 |
|
|a rus
|
| 102 |
|
|
|a RU
|
| 105 |
|
|
|a a z 000zy
|
| 200 |
0 |
|
|a Ч. 1
|
| 210 |
|
|
|d 1954
|
| 215 |
|
|
|a 166 с.
|c ил.
|
| 461 |
|
1 |
|0 (RuTPU)RU\TPU\book\208768
|t Теплосиловые установки
|o в 2 ч.
|f И. Н. Бутаков
|v Ч. 1
|d 1954-
|
| 610 |
1 |
|
|a теплосиловые установки
|
| 610 |
1 |
|
|a тепловые установки
|
| 610 |
1 |
|
|a топливные ресурсы
|
| 610 |
1 |
|
|a себестоимость
|
| 610 |
1 |
|
|a экономические факторы
|
| 610 |
1 |
|
|a эксплуатационные факторы
|
| 610 |
1 |
|
|a электрическая нагрузка
|
| 610 |
1 |
|
|a пар
|
| 610 |
1 |
|
|a параметры
|
| 610 |
1 |
|
|a влажность
|
| 610 |
1 |
|
|a бинарные установки
|
| 610 |
1 |
|
|a регенеративный цикл
|
| 610 |
1 |
|
|a конденсаты
|
| 610 |
1 |
|
|a циркулярное водоснабжение
|
| 610 |
1 |
|
|a труды учёных ТПУ
|
| 610 |
1 |
|
|a коллекция ТПУ
|
| 675 |
|
|
|a 621.1.002.5
|v 3
|
| 801 |
|
1 |
|a RU
|b 63413507
|c 20110203
|
| 801 |
|
2 |
|a RU
|b 63413507
|c 20230608
|g RCR
|
| 942 |
|
|
|c BK
|